header

Opportunities and challenges of bilingualism (Record no. 213656)

MARC details
000 -LEADER
fixed length control field 01345nam a2200349Ia 4500
245 00 - TITLE STATEMENT
Title Opportunities and challenges of bilingualism
260 ## - PUBLICATION, DISTRIBUTION, ETC. (IMPRINT)
Place of publication Berlin ;
-- New York :
Name of publisher Mouton de Gruyter,
Year of publication 2002.
300 ## - PHYSICAL DESCRIPTION
Number of Pages xii, 346 p. :
Other physical details map.
650 #0 - SUBJECT ADDED ENTRY--TOPICAL TERM
Topical Term Bilingualism.
Topical Term Language maintenance.
700 1# - ADDED ENTRY--PERSONAL NAME
Personal name Wei, Li,
Personal name Dewaele, Jean-Marc,
Personal name Housen, Alex,
856 40 - ELECTRONIC LOCATION AND ACCESS
Uniform Resource Identifier http://site.ebrary.com/lib/rucke/Doc?id=10599154

No items available.

© 2026 Rongo University
Contact us: librarian | system librarian | Rongo university